Indias foreign trade (Record no. 691621)

MARC details
000 -LEADER
fixed length control field 00753nam a2200265Ia 4500
003 - CONTROL NUMBER IDENTIFIER
control field OSt
005 - DATE AND TIME OF LATEST TRANSACTION
control field 20220927105306.0
008 - FIXED-LENGTH DATA ELEMENTS--GENERAL INFORMATION
fixed length control field 220926b |||||||| |||| 00| 0 eng d
020 ## - INTERNATIONAL STANDARD BOOK NUMBER
International Standard Book Number 8170418054
037 ## - SOURCE OF ACQUISITION
Terms of availability Reference Collections
040 ## - CATALOGING SOURCE
Original cataloging agency RTL
Transcribing agency RTL
Language of cataloging eng
041 ## - LANGUAGE CODE
Source of code eng
Language code of text/sound track or separate title eng
100 ## - MAIN ENTRY--PERSONAL NAME
Personal name NAGPAL CS Ed.
9 (RLIN) 371431
245 #0 - TITLE STATEMENT
Title Indias foreign trade
260 ## - PUBLICATION, DISTRIBUTION, ETC.
Place of publication, distribution, etc. Delhi
Name of publisher, distributor, etc. Anmol publication
Date of publication, distribution, etc. 1993
300 ## - PHYSICAL DESCRIPTION
Extent "viii, 444p"
Dimensions cm.
500 ## - GENERAL NOTE
General note Bibliography Chapterwise
700 ## - ADDED ENTRY--PERSONAL NAME
Personal name MITTAL AC
9 (RLIN) 371432
942 ## - ADDED ENTRY ELEMENTS (KOHA)
Classification part "X:54.2.N9, N3"
Koha item type

No items available.

Copyright @ Delhi University Library System